| 000 | 00441nam a2200157 a 4500 | ||
|---|---|---|---|
| 001 | 21568 | ||
| 005 | 20180713215333.0 | ||
| 008 | 140415s1976 000 0 spa d | ||
| 041 | _aspa | ||
| 082 |
_a721.43 _bOLV |
||
| 100 | 1 | _aOLVERA LOPEZ, ALFONSO | |
| 245 | 1 | 0 | _aANALISIS, CALCULO Y DISEÑO DE LAS BOVEDAS DE CASCADA |
| 260 |
_a[s.l.] : _bCOMPAÑIA EDITORIAL CONTINENTAL, _c1976 |
||
| 300 | _a318 | ||
| 650 | 1 | 4 | _aBOVEDAS |
| 999 |
_c21568 _d21568 |
||